000 00732nam a2200253 i 4500
001 bg
245 0 0 _aMySQL :
_bopis języka /
_cMySQL AB ; [tł. Anna Zawadzka, Paweł Gonera].
246 _iTyt. oryg.:
_aMySQL language reference
260 _aGliwice :
_b"Helion",
_c2005.
300 _a471 s. ;
_c24 cm.
500 _aTyt. oryg.: "MySQL language reference".
504 _aIndeks.
650 9 _aMySQL
655 _aPodręczniki
710 0 _aMySQL AB
020 _a8373616888
040 _cBPK
041 1 _apol
_heng
080 _a004.652(07)
920 _a83-7361-688-8
942 _cKS
008 s pl f |000 0 pol
999 _c46027
_d46027
856 _uhttp://koha.tu.koszalin.pl/cgi-bin/koha/opac-detail.pl?biblionumber=46027
_yKatalog online BPK